000 00658nam a2200229Ia 4500
003 OSt
005 20220928112557.0
006 a|||||r|||| 00| 0
007 ta
008 220927b |||||||| |||| 00| 0 eng d
024 _a54720
037 _cTextual
040 _aSDCL
_cSDCL
_beng
041 _2eng
_aeng
082 _aV58y7M88x, M2
100 _aBukharin N I
_9428874
245 0 _aSelected writings on the state and the transition to socialism.Tr by Richard B Day.
260 _aNottingham
_bSpokesman
_c1882
300 _alviii,351p.
_ccm.
942 _hV58y7M88x, M2
_cTEXL
_2CC
999 _c745371
_d745371